[Event "BPB Limburg open"]
[Site "Maastricht"]
[Date "2015.05.24"]
[Round "4"]
[White "Broekmeulen, Joris"]
[Black "Nguyen, Kevin"]
[Result "1-0"]
[WhiteElo "2124"]
[BlackElo "2090"]
[PlyCount "51"]
[EventDate "2015.05.22"]
[EventType "swiss"]
[EventRounds "7"]
[EventCountry "NED"]
[Source "P.Boonen"]
[SourceDate "2015.10.01"]

1. c4 Nf6 2. g3 g6 3. Bg2 Bg7 4. Nc3 O-O 5. e4 d6 6. Nge2 e5 7. O-O Nc6 8. d3
Ne8 9. Be3 f5 10. Qd2 Be6 11. exf5 Bxf5 12. d4 Nf6 13. h3 Qe8 14. d5 Na5 15. b3
b6 16. g4 Bd7 17. Ng3 Nb7 18. Rae1 Qc8 19. f4 exf4 20. Bxf4 Nc5 21. b4 Na4 22.
Nxa4 Bxa4 23. Re7 Bh8 24. Bh6 Re8 25. Re6 Qa6 26. Qf4 1-0

[Event "BPB Limburg open"]
[Site "Maastricht"]
[Date "2015.05.24"]
[Round "4"]
[White "Clemens, Adrian HP"]
[Black "Jacobs, Florian"]
[Result "1/2-1/2"]
[WhiteElo "2172"]
[BlackElo "2177"]
[PlyCount "85"]
[EventDate "2015.05.22"]
[EventType "swiss"]
[EventRounds "7"]
[EventCountry "NED"]
[Source "P.Boonen"]
[SourceDate "2015.10.01"]

1. d4 Nf6 2. c4 g6 3. Nc3 Bg7 4. e4 d6 5. f3 O-O 6. Be3 c5 7. Nge2 Nc6 8. d5
Ne5 9. Ng3 h5 10. Be2 h4 11. Nf1 e6 12. Nd2 exd5 13. cxd5 a6 14. a4 Bd7 15. a5
b5 16. axb6 Qxb6 17. Ra2 Bb5 18. O-O h3 19. g3 Qb7 20. Qb3 Rfb8 21. Nxb5 axb5
22. Rfa1 c4 23. Qb4 Rxa2 24. Rxa2 Ra8 25. Ra5 Rxa5 26. Qxa5 Kh7 27. Bd4 Nxd5
28. exd5 Qxd5 29. Bf2 Nd3 30. Nxc4 Nc1 31. Bf1 Qxf3 32. Qd2 Nb3 33. Qe3 Qd1 34.
Nxd6 Nd2 35. Qd3 Nf3+ 36. Kh1 Nd2 37. Nxf7 Qxf1+ 38. Qxf1 Nxf1 39. Ng5+ Kg8 40.
b4 Bf8 41. Nxh3 Bxb4 42. Nf4 Kf7 43. Kg2 1/2-1/2

[Event "BPB Limburg open"]
[Site "Maastricht"]
[Date "2015.05.24"]
[Round "4"]
[White "Coenen, Eduard"]
[Black "Burg, Twan"]
[Result "0-1"]
[WhiteElo "2129"]
[BlackElo "2507"]
[PlyCount "72"]
[EventDate "2015.05.22"]
[EventType "swiss"]
[EventRounds "7"]
[EventCountry "NED"]
[Source "P.Boonen"]
[SourceDate "2015.10.01"]

1. d4 g6 2. c3 Bg7 3. g3 f5 4. Bg2 Nf6 5. Nd2 O-O 6. e4 fxe4 7. Nxe4 Nxe4 8.
Bxe4 Nc6 9. Be3 d6 10. h4 Bf5 11. Bxf5 gxf5 12. Qb3+ d5 13. Qxb7 Rf6 14. Qb3
Na5 15. Qc2 Nc4 16. Bg5 Rc6 17. Nf3 Qd7 18. O-O Rb8 19. b3 Nd6 20. Rac1 Ne4 21.
Qd3 f4 22. Bxf4 Rf8 23. Ne5 Bxe5 24. Bxe5 Qh3 25. c4 Rh6 26. Rcd1 c6 27. cxd5
cxd5 28. Qe3 Rxh4 29. gxh4 Rf3 30. Qh6 Qg4+ 31. Kh1 Rh3+ 32. Bh2 Rxh4 33. Qe3
Qh5 34. Kg1 Rxh2 35. Qf4 Rh1+ 36. Kg2 Qh3# 0-1

[Event "BPB Limburg open"]
[Site "Maastricht"]
[Date "2015.05.24"]
[Round "4"]
[White "Dalemans, Diana"]
[Black "Ismail, Tamer"]
[Result "1/2-1/2"]
[WhiteElo "2012"]
[BlackElo "2093"]
[PlyCount "46"]
[EventDate "2015.05.22"]
[EventType "swiss"]
[EventRounds "7"]
[EventCountry "NED"]
[Source "P.Boonen"]
[SourceDate "2015.10.01"]

1. e4 d6 2. d4 Nf6 3. Nc3 e5 4. Nf3 Nbd7 5. Bc4 Be7 6. O-O O-O 7. Be3 c6 8. a4
Qc7 9. h3 b6 10. Qe2 a6 11. d5 Bb7 12. dxc6 Bxc6 13. Nd2 Bb7 14. Rfd1 Rfc8 15.
b3 Nc5 16. Bg5 Ne6 17. Be3 Nc5 18. Bg5 h6 19. Bxf6 Bxf6 20. Nd5 Bxd5 21. Bxd5
Ra7 22. Nc4 Be7 23. Ne3 Bg5 1/2-1/2

[Event "BPB Limburg open"]
[Site "Maastricht"]
[Date "2015.05.24"]
[Round "4"]
[White "Dambacher, Martijn"]
[Black "Kokje, Joris"]
[Result "1-0"]
[WhiteElo "2483"]
[BlackElo "1960"]
[PlyCount "49"]
[EventDate "2015.05.22"]
[EventType "swiss"]
[EventRounds "7"]
[EventCountry "NED"]
[Source "P.Boonen"]
[SourceDate "2015.10.01"]

1. d4 f5 2. Nf3 Nf6 3. g3 b6 4. Bg2 Bb7 5. O-O e6 6. c4 Be7 7. d5 exd5 8. Nd4
g6 9. cxd5 c5 10. dxc6 Nxc6 11. Nc3 O-O 12. Nf3 Kg7 13. Bf4 h6 14. Qd3 Rc8 15.
Rad1 Nb4 16. Qd2 g5 17. Be5 Bxf3 18. Bxf3 Nc6 19. Bxc6 Rxc6 20. Qxd7 Qe8 21.
Qxf5 Qg6 22. Qd7 Qe8 23. Ne4 Kg6 24. Qd3 Kf7 25. Bxf6 1-0

[Event "BPB Limburg open"]
[Site "Maastricht"]
[Date "2015.05.24"]
[Round "4"]
[White "Dragun, Kamil"]
[Black "Socko, Bartosz"]
[Result "1/2-1/2"]
[WhiteElo "2580"]
[BlackElo "2613"]
[PlyCount "113"]
[EventDate "2015.05.22"]
[EventType "swiss"]
[EventRounds "7"]
[EventCountry "NED"]
[Source "P.Boonen"]
[SourceDate "2015.10.01"]

1. Nf3 Nf6 2. c4 b6 3. g3 Bb7 4. Bg2 e6 5. O-O Be7 6. Nc3 O-O 7. Re1 d5 8. cxd5
Nxd5 9. e4 Nxc3 10. bxc3 c5 11. d4 Nd7 12. a4 cxd4 13. cxd4 Nf6 14. Qd3 Bb4 15.
Bd2 Bxd2 16. Nxd2 Qd7 17. a5 Rfd8 18. Nf3 bxa5 19. Rxa5 Qc7 20. Raa1 a5 21. e5
Bxf3 22. Bxf3 Nd5 23. Rec1 Qa7 24. Ra4 Nb6 25. Bxa8 Nxa4 26. Be4 g6 27. d5 exd5
28. Bxd5 Kg7 29. Qf3 Qe7 30. Rc6 Rf8 31. Qe3 Rd8 32. Qd4 Qb4 33. Rc4 Qb6 34.
Rxa4 Qxd4 35. Rxd4 a4 36. f4 a3 37. Kf2 a2 38. Ra4 Rxd5 39. Rxa2 h5 40. Ra7 Kf8
41. Ke3 Rd1 42. Ra2 Re1+ 43. Kf3 Ke7 44. Kg2 Kf8 45. Kh3 Kg7 46. Kg2 Kf8 47. h3
Re3 48. Kf2 Rb3 49. Re2 h4 50. Re3 hxg3+ 51. Rxg3 Rb4 52. Kf3 Ke7 53. h4 Ke6
54. Kg4 f6 55. exf6 Kxf6 56. Rc3 Rb1 57. Rc6+ 1/2-1/2

[Event "BPB Limburg open"]
[Site "Maastricht"]
[Date "2015.05.24"]
[Round "4"]
[White "Driessens, Patrick"]
[Black "De Mey, Juan Pablo"]
[Result "1-0"]
[WhiteElo "2278"]
[BlackElo "1969"]
[PlyCount "95"]
[EventDate "2015.05.22"]
[EventType "swiss"]
[EventRounds "7"]
[EventCountry "NED"]
[Source "P.Boonen"]
[SourceDate "2015.10.01"]

1. d4 d6 2. Nf3 f5 3. c4 Nf6 4. Nc3 g6 5. g3 Bg7 6. Bg2 O-O 7. O-O c6 8. Re1
Nbd7 9. e4 Nb6 10. exf5 Bxf5 11. Qe2 Re8 12. h3 e5 13. dxe5 dxe5 14. Rd1 Qe7
15. b3 e4 16. Nd4 Rad8 17. Nxf5 gxf5 18. Rxd8 Rxd8 19. Bb2 Nbd7 20. Nd1 Nc5 21.
Ne3 Qe6 22. Rd1 Nd3 23. f4 Re8 24. Ba1 Bf8 25. Kh2 Bg7 26. Rf1 Re7 27. Kh1 Ne8
28. Bxg7 Nxg7 29. g4 Kh8 30. Kg1 Qf6 31. Kh2 Qd6 32. Kg3 Rf7 33. gxf5 Rxf5 34.
Nxf5 Nxf5+ 35. Kh2 Nxf4 36. Qb2+ Kg8 37. Kg1 Ne3 38. Rf2 Nd1 39. Qd2 Qxd2 40.
Rxd2 Nc3 41. Kf2 Kg7 42. Ke3 Ne6 43. Bxe4 Nc5 44. Rg2+ Kh6 45. Bd3 b5 46. Kd4
bxc4 47. Kxc4 N3e4 48. Bc2 1-0

[Event "BPB Limburg open"]
[Site "Maastricht"]
[Date "2015.05.24"]
[Round "4"]
[White "Drose, Daniela"]
[Black "Geurink, Jasper"]
[Result "0-1"]
[WhiteElo "1977"]
[BlackElo "2354"]
[PlyCount "68"]
[EventDate "2015.05.22"]
[EventType "swiss"]
[EventRounds "7"]
[EventCountry "NED"]
[Source "P.Boonen"]
[SourceDate "2015.10.01"]

1. e4 e6 2. d4 d5 3. Nd2 Nf6 4. e5 Nfd7 5. Bd3 c5 6. c3 Nc6 7. Ne2 cxd4 8. cxd4
f6 9. exf6 Nxf6 10. Nf3 Qc7 11. O-O Bd6 12. Bg5 O-O 13. Nc3 a6 14. Bh4 Nh5 15.
Ng5 g6 16. Nf3 Qg7 17. Bc2 Bd7 18. Na4 Rxf3 19. Qxf3 Nxd4 20. Qd1 Nxc2 21. Qxc2
Qd4 22. g3 Bxa4 23. b3 Bc6 24. Rad1 Qg7 25. Rfe1 e5 26. Bg5 Qf7 27. Qe2 Ng7 28.
Qf1 Ne6 29. Bc1 Nd4 30. Rxd4 exd4 31. Qd3 Re8 32. Rd1 Bc5 33. Bb2 Bb5 34. Qc2
Re2 0-1

[Event "BPB Limburg open"]
[Site "Maastricht"]
[Date "2015.05.24"]
[Round "4"]
[White "Ernst, Sipke"]
[Black "Leenhouts, Koen"]
[Result "0-1"]
[WhiteElo "2523"]
[BlackElo "2401"]
[PlyCount "88"]
[EventDate "2015.05.22"]
[EventType "swiss"]
[EventRounds "7"]
[EventCountry "NED"]
[Source "P.Boonen"]
[SourceDate "2015.10.01"]

1. c4 Nf6 2. Nc3 d5 3. cxd5 Nxd5 4. g3 g6 5. Bg2 Nb6 6. d3 Bg7 7. Be3 Nc6 8.
Bxc6+ bxc6 9. Qc1 h6 10. Nf3 Bh3 11. Rg1 Bg4 12. Nd2 Nd5 13. Nxd5 cxd5 14. Qc6+
Kf8 15. Nb3 Bxb2 16. Rb1 Bf6 17. f3 d4 18. Bf4 Bd7 19. Qc5 Be6 20. Be5 Kg7 21.
Bxd4 Bxd4 22. Nxd4 Bxa2 23. Rb7 Qd5 24. Qc3 e5 25. Nc6 Rhe8 26. Rb2 a5 27. e4
Qe6 28. Rgg2 Ra6 29. Nxa5 Rea8 30. Rb5 Kh7 31. Rc2 Qd7 32. Rxe5 Be6 33. Ke2 h5
34. Ke3 Qd6 35. Qxc7 Qb4 36. Rxe6 Qe1+ 37. Re2 Qg1+ 38. Kd2 R8a7 39. Qc1 Qxc1+
40. Kxc1 fxe6 41. Nb3 Rc7+ 42. Kb2 e5 43. f4 Rb6 44. d4 exd4 0-1

[Event "BPB Limburg open"]
[Site "Maastricht"]
[Date "2015.05.24"]
[Round "4"]
[White "Fedorchuk, Sergey A"]
[Black "Zult, Daan"]
[Result "1-0"]
[WhiteElo "2657"]
[BlackElo "2237"]
[PlyCount "53"]
[EventDate "2015.05.22"]
[EventType "swiss"]
[EventRounds "7"]
[EventCountry "NED"]
[Source "P.Boonen"]
[SourceDate "2015.10.01"]

1. e4 e5 2. Nf3 Nc6 3. Bb5 a6 4. Ba4 Nf6 5. O-O Be7 6. Re1 b5 7. Bb3 d6 8. c3
O-O 9. h3 Re8 10. d4 Bf8 11. Nbd2 Bb7 12. a3 h6 13. d5 Nb8 14. Nh2 Nbd7 15. Qf3
Nh7 16. Ndf1 g6 17. Ng4 Qh4 18. a4 Ng5 19. Qe2 Nxe4 20. Qxe4 f5 21. Qc2 fxg4
22. Qxg6+ Bg7 23. Ng3 Rf8 24. Bc2 Rf6 25. Qh7+ Kf8 26. Nf5 Rf7 27. Nxh4 1-0

[Event "BPB Limburg open"]
[Site "Maastricht"]
[Date "2015.05.24"]
[Round "4"]
[White "Fuchs, Judith"]
[Black "Lenaerts, Lennert"]
[Result "1/2-1/2"]
[WhiteElo "2273"]
[BlackElo "2203"]
[PlyCount "52"]
[EventDate "2015.05.22"]
[EventType "swiss"]
[EventRounds "7"]
[EventCountry "NED"]
[Source "P.Boonen"]
[SourceDate "2015.10.01"]

1. b3 e5 2. Bb2 Nc6 3. e3 Nf6 4. c4 d5 5. cxd5 Nxd5 6. a3 a6 7. Qc2 Bd6 8. Nf3
Bg4 9. Be2 Qe7 10. d3 O-O 11. Nbd2 f6 12. b4 Nd8 13. O-O Nf7 14. Nb3 b6 15.
Rfe1 Rfc8 16. Nfd2 Bxe2 17. Rxe2 c5 18. bxc5 Bxc5 19. Qd1 Qd7 20. Nxc5 Rxc5 21.
Ne4 Rc7 22. Qb3 Qb5 23. Qxb5 axb5 24. Rd1 b4 25. axb4 Nxb4 26. g4 Rd7 1/2-1/2

[Event "BPB Limburg open"]
[Site "Maastricht"]
[Date "2015.05.24"]
[Round "4"]
[White "Gerlagh, Joris"]
[Black "Timmermans, Ivo"]
[Result "1-0"]
[WhiteElo "2163"]
[BlackElo "2157"]
[PlyCount "81"]
[EventDate "2015.05.22"]
[EventType "swiss"]
[EventRounds "7"]
[EventCountry "NED"]
[Source "P.Boonen"]
[SourceDate "2015.10.01"]

1. d4 d5 2. c4 c6 3. Nf3 Nf6 4. g3 e6 5. Bg2 dxc4 6. O-O b5 7. Nc3 Nd5 8. e4
Nxc3 9. bxc3 Bb7 10. Ng5 Be7 11. Qh5 g6 12. Qh6 Bf8 13. Qh3 Be7 14. f4 Nd7 15.
g4 Bxg5 16. fxg5 e5 17. Qf3 Qe7 18. a4 a5 19. axb5 cxb5 20. d5 O-O 21. Ba3 b4
22. Rab1 Nc5 23. cxb4 Nd3 24. bxa5 Qxa3 25. Rxb7 Qc5+ 26. Kh1 Nf4 27. Rc1 Rxa5
28. Bf1 Ra3 29. Rb3 Rfa8 30. Rxc4 Rxb3 31. Qxb3 Qf2 32. Rc1 h6 33. gxh6 Ra2 34.
Qg3 Qd2 35. h7+ Kxh7 36. Qh4+ Nh5 37. Re1 Qf4 38. Qh3 Qf2 39. Rd1 Qc2 40. Rd3
Ra1 41. gxh5 1-0

[Event "BPB Limburg open"]
[Site "Maastricht"]
[Date "2015.05.24"]
[Round "4"]
[White "Goossens, Hanne"]
[Black "Gramb, Marius"]
[Result "1-0"]
[WhiteElo "2215"]
[BlackElo "2045"]
[PlyCount "63"]
[EventDate "2015.05.22"]
[EventType "swiss"]
[EventRounds "7"]
[EventCountry "NED"]
[Source "P.Boonen"]
[SourceDate "2015.10.01"]

1. e4 c6 2. d4 d5 3. Nc3 dxe4 4. Nxe4 Nd7 5. Ng5 Ngf6 6. Bd3 e6 7. N1f3 Bd6 8.
Qe2 h6 9. Ne4 Nxe4 10. Qxe4 Nf6 11. Qe2 c5 12. dxc5 Bxc5 13. O-O Qc7 14. Bd2
Bd7 15. Ne5 Bc6 16. Nxc6 bxc6 17. Qf3 Bd6 18. h3 Ke7 19. Rfe1 Rab8 20. Rab1
Rhg8 21. c4 c5 22. Bc3 Nd7 23. Qe2 Nf8 24. Rbd1 Re8 25. Bc2 Nd7 26. Ba4 Rd8 27.
Rd3 Nb6 28. Bc2 Kf8 29. Rf3 Ke8 30. Bg6 fxg6 31. Qxe6+ Be7 32. Qf7+ 1-0

[Event "BPB Limburg open"]
[Site "Maastricht"]
[Date "2015.05.24"]
[Round "4"]
[White "Harff, Wilfried"]
[Black "Schoorl, Rob"]
[Result "0-1"]
[WhiteElo "2163"]
[BlackElo "2334"]
[PlyCount "96"]
[EventDate "2015.05.22"]
[EventType "swiss"]
[EventRounds "7"]
[EventCountry "NED"]
[Source "P.Boonen"]
[SourceDate "2015.10.01"]

1. Nf3 g6 2. e4 c5 3. c3 Bg7 4. d4 cxd4 5. cxd4 d5 6. e5 Bg4 7. Bb5+ Nc6 8. O-O
Nh6 9. h3 Bxf3 10. Qxf3 O-O 11. Rd1 Nf5 12. Bxc6 bxc6 13. Qc3 Rc8 14. g4 Nh6
15. Be3 f6 16. e6 Qd6 17. Qd2 g5 18. Re1 Qxe6 19. Bxg5 Qxe1+ 20. Qxe1 fxg5 21.
Qe3 c5 22. Qxg5 Nf7 23. Qxd5 e6 24. Qb3 Bxd4 25. Nd2 Ng5 26. Rf1 Rb8 27. Qd3
Rxb2 28. Kg2 Rf4 29. f3 e5 30. h4 e4 31. Qc4+ Kg7 32. hxg5 Rxd2+ 33. Kh1 exf3
34. Qe6 Rf7 35. Qh6+ Kg8 36. g6 hxg6 37. Rb1 Rd1+ 38. Rxd1 Rh7 39. Qh2 Rxh2+
40. Kxh2 Kf7 41. Rd3 f2 42. Kg2 Ke6 43. Kf1 Kd5 44. Ke2 c4 45. Rf3 Ke4 46. Rf7
c3 47. Rc7 f1=Q+ 48. Kxf1 Kd3 0-1

[Event "BPB Limburg open"]
[Site "Maastricht"]
[Date "2015.05.24"]
[Round "4"]
[White "Heltzel, Joost"]
[Black "Halfhide, Sebastian"]
[Result "1/2-1/2"]
[WhiteElo "2224"]
[BlackElo "2136"]
[PlyCount "59"]
[EventDate "2015.05.22"]
[EventType "swiss"]
[EventRounds "7"]
[EventCountry "NED"]
[Source "P.Boonen"]
[SourceDate "2015.10.01"]

1. d4 Nf6 2. Nf3 g6 3. Bf4 Bg7 4. e3 d6 5. h3 O-O 6. Be2 c6 7. c3 Nbd7 8. O-O
Re8 9. Bh2 Qc7 10. a4 b6 11. Nbd2 Bb7 12. Bc4 Qc8 13. e4 e5 14. dxe5 Nxe5 15.
Nxe5 dxe5 16. Re1 Ba6 17. Qe2 Bxc4 18. Nxc4 Qc7 19. Rad1 Nd7 20. b4 Nf8 21. Ne3
Ne6 22. Qc4 Rad8 23. Bg3 h5 24. Bh4 Rxd1 25. Rxd1 Bh6 26. Bf6 Bg7 27. Bxg7 Kxg7
28. h4 Rd8 29. Rxd8 Nxd8 30. Qd3 1/2-1/2

[Event "BPB Limburg open"]
[Site "Maastricht"]
[Date "2015.05.24"]
[Round "4"]
[White "Henrich, Thomas"]
[Black "Balje, Jan"]
[Result "1/2-1/2"]
[WhiteElo "2208"]
[BlackElo "2203"]
[PlyCount "49"]
[EventDate "2015.05.22"]
[EventType "swiss"]
[EventRounds "7"]
[EventCountry "NED"]
[Source "P.Boonen"]
[SourceDate "2015.10.01"]

1. d4 d5 2. Bg5 h6 3. Bh4 c6 4. e3 Qb6 5. Nd2 Bf5 6. Rb1 e6 7. Ngf3 Nd7 8. Bd3
Ngf6 9. Bxf5 exf5 10. Bxf6 Nxf6 11. O-O Bd6 12. c4 Qd8 13. cxd5 cxd5 14. Qb3
Qe7 15. Qb5+ Qd7 16. Qxd7+ Kxd7 17. Rfc1 f4 18. Ne5+ Bxe5 19. dxe5 fxe3 20.
exf6 exd2 21. Rd1 g6 22. Rxd2 Ke6 23. Re1+ Kxf6 24. Rxd5 Rhc8 25. Rb5 1/2-1/2

[Event "BPB Limburg open"]
[Site "Maastricht"]
[Date "2015.05.24"]
[Round "4"]
[White "Hoffmeister, Frank"]
[Black "Van Veen, Oscar"]
[Result "0-1"]
[WhiteElo "2231"]
[BlackElo "2265"]
[PlyCount "69"]
[EventDate "2015.05.22"]
[EventType "swiss"]
[EventRounds "7"]
[EventCountry "NED"]
[Source "P.Boonen"]
[SourceDate "2015.10.01"]

1. d4 d5 2. c4 e6 3. Nf3 Nf6 4. g3 Be7 5. Bg2 O-O 6. O-O Nbd7 7. Qc2 c6 8. Rd1
b6 9. b3 Ba6 10. Nbd2 Rc8 11. Bb2 c5 12. Rac1 cxd4 13. Nxd4 Bc5 14. Qb1 e5 15.
Nf5 g6 16. Nh4 Ng4 17. e3 e4 18. h3 Nxf2 19. Kxf2 f5 20. b4 Bxb4 21. Bf1 f4 22.
exf4 Rxf4+ 23. Ndf3 Rxf3+ 24. Nxf3 Bc5+ 25. Nd4 Qf6+ 26. Kg2 Rf8 27. Qc2 Ne5
28. Qd2 dxc4 29. Bc3 Nd3 30. Bxd3 exd3 31. Rf1 Bb7+ 32. Kh2 Qxf1 33. Rxf1 Rxf1
34. Nf3 Bxf3 35. g4 0-1

[Event "BPB Limburg open"]
[Site "Maastricht"]
[Date "2015.05.24"]
[Round "4"]
[White "Hoynck van Papendrecht, Frans"]
[Black "Weiler, Wolfgang"]
[Result "1-0"]
[WhiteElo "2091"]
[BlackElo "2121"]
[PlyCount "59"]
[EventDate "2015.05.22"]
[EventType "swiss"]
[EventRounds "7"]
[EventCountry "NED"]
[Source "P.Boonen"]
[SourceDate "2015.10.01"]

1. g3 g6 2. Bg2 Bg7 3. f4 d6 4. c3 e5 5. d3 Nc6 6. Nh3 Nf6 7. O-O Ng4 8. e4 f5
9. fxe5 Ncxe5 10. d4 Nf7 11. exf5 Bxf5 12. Bxb7 O-O 13. Bd5 Nf6 14. Bg2 d5 15.
Nd2 Qd7 16. Nf2 Rae8 17. Nb3 c6 18. Nc5 Qc8 19. b3 Ng4 20. Nxg4 Bxg4 21. Bf3
Bh3 22. Rf2 Nh6 23. Bf4 Ng4 24. Re2 h5 25. Qd3 Rxe2 26. Qxe2 g5 27. Bxg5 Re8
28. Qd2 Qf5 29. Bf4 Bh6 30. Bxg4 1-0

[Event "BPB Limburg open"]
[Site "Maastricht"]
[Date "2015.05.24"]
[Round "4"]
[White "Huesmann, Thomas"]
[Black "Bachaus, Sander"]
[Result "1-0"]
[WhiteElo "2224"]
[BlackElo "1996"]
[PlyCount "167"]
[EventDate "2015.05.22"]
[EventType "swiss"]
[EventRounds "7"]
[EventCountry "NED"]
[Source "P.Boonen"]
[SourceDate "2015.10.01"]

1. e4 c6 2. d4 d5 3. exd5 cxd5 4. Bd3 Nc6 5. c3 g6 6. Nf3 Nf6 7. O-O Bg7 8. h3
Bf5 9. Bxf5 gxf5 10. Re1 O-O 11. Bf4 e6 12. Ne5 Nxe5 13. Bxe5 Ne4 14. Bxg7 Kxg7
15. f3 Ng3 16. Nd2 Qh4 17. Nf1 Nh5 18. Re3 Kh8 19. Qe1 Qg5 20. g4 Rg8 21. Re2
Rg6 22. Kh1 Rag8 23. Rh2 Nf6 24. Qe5 Qh4 25. Ng3 R6g7 26. Rg1 h5 27. Ne2 Kh7
28. Nf4 Nd7 29. Qe3 Nf6 30. Ng2 Qg3 31. Nf4 Qh4 32. Qe5 Nd7 33. Qd6 Nf6 34. Qe7
Qg5 35. Qc7 h4 36. Ng2 Ne8 37. Qe5 Qe7 38. Qe1 Rh8 39. Nxh4 Kg8 40. Nxf5 Qf6
41. Nxg7 Qxf3+ 42. Rgg2 Nxg7 43. Qe2 Rxh3 44. Rxh3 Qxh3+ 45. Kg1 Qh7 46. Rh2
Qb1+ 47. Kg2 Qxa2 48. Rh1 Qb3 49. Ra1 a6 50. Ra3 Qb6 51. Qc2 Ne8 52. Ra1 Qd6
53. Rf1 Qe7 54. Qd2 Nd6 55. Qh6 Ne4 56. Rh1 Qf6 57. Qh7+ Kf8 58. Qh8+ Ke7 59.
Qxf6+ Nxf6 60. g5 Ne4 61. Rh8 Nd6 62. Kf3 Nc4 63. Rh7 Kf8 64. g6 fxg6 65. Rxb7
Nd6 66. Rb6 Ke7 67. Rxa6 Nc4 68. Ra7+ Kf6 69. Rb7 g5 70. b3 Nd6 71. Rc7 Kf5 72.
c4 dxc4 73. bxc4 g4+ 74. Ke3 g3 75. c5 Nb5 76. Rg7 Nc3 77. c6 g2 78. Rxg2 e5
79. dxe5 Kxe5 80. Kd3 Na4 81. c7 Nb6 82. Rg8 Kd6 83. c8=Q Nxc8 84. Rxc8 1-0

[Event "BPB Limburg open"]
[Site "Maastricht"]
[Date "2015.05.24"]
[Round "4"]
[White "Hulshof, Peter"]
[Black "Bauer, Christian"]
[Result "0-1"]
[WhiteElo "2154"]
[BlackElo "2624"]
[PlyCount "80"]
[EventDate "2015.05.22"]
[EventType "swiss"]
[EventRounds "7"]
[EventCountry "NED"]
[Source "P.Boonen"]
[SourceDate "2015.10.01"]

1. e4 c5 2. Nc3 Nc6 3. g3 g6 4. Bg2 Bg7 5. d3 d6 6. f4 e5 7. Nh3 Nge7 8. O-O
O-O 9. f5 gxf5 10. exf5 f6 11. g4 d5 12. Ne2 Qd6 13. c3 Bd7 14. Ng3 h6 15. Nh5
Be8 16. Nxg7 Kxg7 17. Qd2 Rh8 18. Qf2 Bf7 19. Bd2 Rag8 20. Rae1 Kf8 21. Qh4 Ke8
22. Kh1 Kd7 23. Ng1 Kc8 24. Ne2 Nb8 25. Nf4 h5 26. Nxh5 Nd7 27. d4 Nc6 28. dxe5
Ncxe5 29. Bf4 d4 30. cxd4 cxd4 31. Qxf6 Nxf6 32. Bxe5 Qxe5 33. Rxe5 Nxg4 34.
Rc1+ Kd8 35. Ra5 Rxh5 36. Rac5 Ke7 37. Rc7+ Kd6 38. Kg1 Rxh2 39. Rxf7 Rxg2+ 40.
Kxg2 Ne5+ 0-1

[Event "BPB Limburg open"]
[Site "Maastricht"]
[Date "2015.05.24"]
[Round "4"]
[White "Janssen, Ruud"]
[Black "L'Ami, Erwin"]
[Result "1/2-1/2"]
[WhiteElo "2464"]
[BlackElo "2635"]
[PlyCount "87"]
[EventDate "2015.05.22"]
[EventType "swiss"]
[EventRounds "7"]
[EventCountry "NED"]
[Source "P.Boonen"]
[SourceDate "2015.10.01"]

1. Nf3 Nf6 2. c4 b6 3. d4 Bb7 4. e3 e6 5. Bd3 d5 6. cxd5 exd5 7. O-O Bd6 8. b3
O-O 9. Ba3 c5 10. Nc3 Nbd7 11. Rc1 Qe7 12. Nb5 Bb8 13. Qe2 a6 14. Nc3 Bd6 15.
Rfd1 Rfe8 16. Bf5 Rad8 17. Bxd7 Rxd7 18. Na4 c4 19. Bxd6 Qxd6 20. Qb2 Re6 21.
Rb1 Bc6 22. Nxb6 Rb7 23. bxc4 dxc4 24. Ne5 Be4 25. Nexc4 Qd8 26. Rbc1 Nd7 27.
f3 Bd5 28. Nxd5 Rxb2 29. Nxb2 Qa5 30. e4 Qxa2 31. Nd3 Qa4 32. N3f4 Re8 33. Ra1
Qc6 34. Rdc1 Qb7 35. Rab1 Qa7 36. Ne2 a5 37. Rc7 Qa6 38. Kf2 Nf6 39. Rb6 Qd3
40. Rc3 Qd2 41. Ne3 h6 42. Rc2 Qd3 43. Rc3 Qd2 44. Rc2 1/2-1/2

[Event "BPB Limburg open"]
[Site "Maastricht"]
[Date "2015.05.24"]
[Round "4"]
[White "Kampman, Tijmen"]
[Black "Bok, Benjamin"]
[Result "0-1"]
[WhiteElo "2076"]
[BlackElo "2554"]
[PlyCount "66"]
[EventDate "2015.05.22"]
[EventType "swiss"]
[EventRounds "7"]
[EventCountry "NED"]
[Source "P.Boonen"]
[SourceDate "2015.10.01"]

1. c4 g6 2. Nc3 c5 3. g3 Bg7 4. Bg2 Nc6 5. d3 d6 6. a3 e6 7. e4 Nge7 8. Nge2 b6
9. Be3 Bb7 10. O-O Nd4 11. Rb1 Qd7 12. b4 O-O 13. Qd2 Rac8 14. Nf4 h6 15. h4
Kh7 16. h5 g5 17. Nfe2 f5 18. f4 g4 19. Bxd4 cxd4 20. Nb5 fxe4 21. Nbxd4 d5 22.
cxd5 exd5 23. dxe4 dxe4 24. Qe3 Nf5 25. Nxf5 Qxf5 26. Rbd1 Rfd8 27. Rfe1 Kh8
28. Nc3 Rxd1 29. Nxd1 Rc4 30. Qe2 Bd4+ 31. Kh1 Rc1 32. Nf2 Rxe1+ 33. Qxe1 e3 {
.....} 0-1

[Event "BPB Limburg open"]
[Site "Maastricht"]
[Date "2015.05.24"]
[Round "4"]
[White "Keetman, Maaike"]
[Black "Dardha, Arben"]
[Result "1/2-1/2"]
[WhiteElo "2194"]
[BlackElo "2343"]
[PlyCount "99"]
[EventDate "2015.05.22"]
[EventType "swiss"]
[EventRounds "7"]
[EventCountry "NED"]
[Source "P.Boonen"]
[SourceDate "2015.10.01"]

1. e4 d5 2. exd5 Qxd5 3. Nc3 Qd6 4. d4 Nf6 5. Bc4 e6 6. Nge2 a6 7. Bf4 Qd8 8.
O-O b5 9. Bd3 Bb7 10. Ng3 Be7 11. Nce4 Nbd7 12. c3 Nd5 13. Bd2 f5 14. Ng5 Bxg5
15. Qh5+ g6 16. Qxg5 Qxg5 17. Bxg5 Kf7 18. Rfe1 Rae8 19. a4 bxa4 20. Bc2 N7b6
21. Bxa4 Nxa4 22. Rxa4 f4 23. Ne2 Bc6 24. Rxa6 Bb5 25. Ra5 Bxe2 26. Rxe2 h6 27.
c4 hxg5 28. cxd5 exd5 29. Rxe8 Rxe8 30. Kf1 c6 31. Ra6 Re4 32. Rxc6 g4 33. b4
Rxd4 34. b5 Rb4 35. b6 d4 36. Ke2 Rb3 37. Rd6 g5 38. Rxd4 Rxb6 39. Rd5 Rb2+ 40.
Rd2 Rb6 41. Rd5 Rb2+ 42. Rd2 Rb1 43. Rd1 f3+ 44. gxf3 gxf3+ 45. Ke1 Rb4 46. Rd3
Re4+ 47. Kf1 Rf4 48. h3 Kg6 49. Kg1 g4 50. Kh2 1/2-1/2

[Event "BPB Limburg open"]
[Site "Maastricht"]
[Date "2015.05.24"]
[Round "4"]
[White "Liedmann, Dennis"]
[Black "Tate, Emory"]
[Result "0-1"]
[WhiteElo "2157"]
[BlackElo "2256"]
[PlyCount "45"]
[EventDate "2015.05.22"]
[EventType "swiss"]
[EventRounds "7"]
[EventCountry "NED"]
[Source "P.Boonen"]
[SourceDate "2015.10.01"]

1. d4 d6 2. Nf3 f5 3. Bf4 h6 4. e4 g5 5. Ne5 dxe5 6. Qh5+ Kd7 7. Qf7 exf4 8.
Bc4 Kc6 9. Nc3 a6 10. Na4 Qxd4 11. Bd5+ Kb5 12. c3 Qxa4 13. b3 Qa3 14. Qxf8 Nd7
15. Qg7 Ngf6 16. Bc4+ Kb6 17. Qxh8 fxe4 18. Qxh6 Ne5 19. O-O Qc5 20. h4 e3 21.
Qxg5 exf2+ 22. Kh1 Qe3 23. Rad1 0-1